Wild Majesty : encounters with Caribs from Columbus to the present day : an anthology

Αποθηκεύτηκε σε:
Λεπτομέρειες βιβλιογραφικής εγγραφής
Άλλοι συγγραφείς: Hulme, Peter (Επιμελητής έκδοσης), Whitehead, Neil L. (Επιμελητής έκδοσης)
Μορφή: Βιβλίο
Γλώσσα:English
Δημοσίευση: New York : Clarendon, 1992
Θέματα:
Ετικέτες: Προσθήκη ετικέτας
Δεν υπάρχουν, Καταχωρήστε ετικέτα πρώτοι!

MARC

LEADER 00000nam a2200000 i 4500
001 1/5867
008 960617s1992 eng d
020 |a 0-19-812274-8 
035 |l 10016156 
040 |a GR-MY-UA  |b gre  |e aacr 
041 0 |a eng 
082 0 |a 972.9004984 
245 1 0 |a Wild Majesty :  |b encounters with Caribs from Columbus to the present day : an anthology /  |c Edited by Peter Hulme and Neil L. Whitehead 
260 |a New York :   |b Clarendon,   |c 1992 
300 |a 369 p. 
650 0 0 |a Black Carib Indians  |x History  |x Sources. 
650 0 0 |a Carib Indians  |x History  |x Sources. 
650 0 0 |a Indians of the West Indies  |x History  |x Sources. 
700 1 |a Hulme, Peter.  |4 edt 
700 1 |a Whitehead, Neil L.  |4 edt 
852 |a INST  |b LESVOS  |e 19960617  |h 972.9004984 WIL  |p 005100009910  |q 005100009910  |t BK  |y 0 
909 |a Λ  |b 043807